| 000 | 00717nam a2200265Ia 4500 | ||
|---|---|---|---|
| 008 | 190123s9999 xx 000 0 und d | ||
| 020 | _a9780545273978 | ||
| 050 | _bN735 2008 | ||
| 100 | _aNivola, Claire | ||
| 245 | 0 | _aPlanting the trees of Kenya : | |
| 245 | 4 | _bthe story of Wangari Maathai / | |
| 245 | 0 | _cby Claire A. Nivola. | |
| 260 | _aNew York, New York : | ||
| 260 | _bScholastic, | ||
| 260 | _c2008 | ||
| 300 | _aunpaged : | ||
| 300 | _bcolored illustrations ; | ||
| 300 | _c23cm. | ||
| 500 | _a870L | ||
| 650 | _aGreen Belt Movement (Society : Kenya). | ||
| 650 | _aTree planters (Persons). | ||
| 650 | _aWomen conservationsists. | ||
| 650 | _aWomen politicians. | ||
| 700 | _aTitle. | ||
| 999 |
_c361131 _d361131 |
||